000 00652nam a22002057a 4500
999 _c10845
_d10845
003 AR-CdUCM
008 190402b ||||| |||| 00| 0 spa d
040 _aMUNICIPALIDAD PROVINCIAL DEL CUSCO
_cBIBLIOTECA MUNICIPAL DEL CUSCO
082 _aEP / 372.461 /
_bC84
100 _aCosta Alva, Yanira
_927897
245 _aAmiguito 3 :
_bAprestamiento 5 aƱos /
260 _aLince :
_bAdyrsa,
_c1942.
300 _a283 paginas ;
_bilustraciones, graficos, dibujos, cuadros,
_c28 cm.
500 _aAprestamiento
650 _aAprestamiento
_927898
650 _aEducadores
_91065
650 _aGuia de ayuda
_927899
942 _2ddc
_cLIBROS
945 _apjha